| 000 | 00333nam a2200145 a 4500 | ||
|---|---|---|---|
| 001 | 1074 | ||
| 003 | CDMR | ||
| 005 | 20130116135200.0 | ||
| 008 | 130130s1965||||||||||||||||||||||||||||d | ||
| 040 |
_aCDMR _bcat _cCDMR |
||
| 100 | 1 |
_aBeneyto, Juan _925 |
|
| 245 | 1 | 3 | _aEl saber periodístico |
| 260 |
_aMadrid _c1965 _bNacional |
||
| 942 | _cMON | ||
| 999 |
_c1074 _d1074 |
||